000 00483nam a2200169Ia 4500
003 OSt
005 20260316110939.0
008 211028s2015 xx 000 0 und d
040 _cAIMIT LIBRARY
041 _aeng
100 _aMoily, Priyanka Shreedhar; Mascarenhas, Vincent.
_g121733
_94473
110 _aHemalatha N
_94474
245 _aCenter for health and development /
260 _aMangalore
_c2015
710 _aCenter for Health and Development
_94475
942 _2ddc
_cPRO
999 _c217582
_d217582